000
00329nam a2200133Ia 4500
008
240624s9999 xx 000 0 und d
041
_a
eng
082
_a
823 TWI
100
_a
TWINING JAMES
245
_a
GENEVA DECEPTION
260
_c
2009
_a
London
_b
HarperCollins Publishers
300
_a
547 : p. : cm. ; 17
365
_c
RS
_b
20
999
_c
15809
_d
15809